A complete alphabetically arranged biblical biography: (Record no. 3480)

000 -LEADER
fixed length control field 00628nam a2200181 a 4500
001 - CONTROL NUMBER
control field :::00001211$&:&@@
003 - CONTROL NUMBER IDENTIFIER
control field OkBaRHE
005 - DATE AND TIME OF LATEST TRANSACTION
control field 20000607103242.0
008 - FIXED-LENGTH DATA ELEMENTS--GENERAL INFORMATION
fixed length control field s1871 j 000 0 eng u
040 ## - CATALOGING SOURCE
Transcribing agency
100 1# - MAIN ENTRY--PERSONAL NAME
Personal name Beharrell, T. G.,
245 12 - TITLE STATEMENT
Title A complete alphabetically arranged biblical biography:
Remainder of title containing a full history of Bible men and women.
260 ## - PUBLICATION, DISTRIBUTION, ETC. (IMPRINT)
Place of publication, distribution, etc Cincinnati, OH., :
Name of publisher, distributor, etc Hitchcock and Walden
Date of publication, distribution, etc 1871
300 ## - PHYSICAL DESCRIPTION
Extent 512 p. : illus. ;
Dimensions 23 cm.
650 ## - SUBJECT ADDED ENTRY--TOPICAL TERM
Topical term or geographic name as entry element Bible
General subdivision Biography
942 ## - ADDED ENTRY ELEMENTS (KOHA)
Source of classification or shelving scheme
Koha item type Books
Copies
Full call number Copy number Source of classification or shelving scheme Permanent Location Barcode Date checked out Price effective from Current Location Damaged status Not for loan Date acquired Koha item type Lost status Withdrawn status Total Checkouts Shelving location Date last seen
BS 571 .B39B51 RHEMA Bible Training College12112011-12-092010-04-14RHEMA Bible Training College  2010-04-14Books  1General Stacks2011-12-09